000 00897nam a2200253 a 4500
001 BRL_1779
005 20190320211351.0
008 300715s1982----bo-a######---#000-0#spa-#
041 _aspa
044 _abo
050 4 _aGT4232.O7
_b.C37 1982
100 1 _aCastillo Porcel, Oscar Eduardo
_927857
245 1 0 _aEl carnaval de Oruro y la peregrinación a la Virgen del Socavón
_bproceso evolutivo del Carnaval de Oruro y la peregrinación a la Virgen del Socavón
_cOscar Eduardo Castillo Porcel.
260 _aBolivia
_bEditorial Lilial
_c1982
300 _a95 p.
_bil.
_c16 cm.
500 _aAu1985
650 1 4 _aCarnaval
_zOruro (Bolivia)
_927858
650 1 4 _aPeregrinaciones cristianas
_zOruro (Bolivia)
_927859
650 1 4 _aSocavoìn, Virgen del
_927860
651 4 _aOruro (Bolivia)
_xVida social y costumbres
_927861
740 0 _aCarnaval de Oruro
902 _aGRL
942 _2lcc
_cB
999 _c10587
_d10587